Toxicity-SOAD (lyrics) - Statistics

General Stats
  • This quiz has been taken 137 times
  • The average score is 129 of 180
Answer Stats
Answer % Correct
the
97%
The
97%
toxicity
95%
a
93%
city
93%
of
92%
disorder
91%
Disorder
91%
our
88%
I
85%
somewhere
81%
Somewhere
81%
silence
79%
activity
78%
between
78%
Eating
78%
and
77%
sacred
75%
Sacred
75%
seeds
75%
You
71%
you
71%
7.0
70%
sleep
69%
Conversion
67%
as
66%
world
66%
Looking
65%
eyes
64%
in
61%
version
60%
do
59%
software
59%
tire
59%
life
58%
When
58%
How
56%
own
56%
became
55%
Now
55%
at
54%
pastime
54%
through
54%
sun
52%
what
52%
for
50%
hub
44%
truck
44%
More
43%
wood
42%
fires
40%
man's
40%
Flashlight
38%
headlights
38%
their
35%
into
34%
neighbors
32%
hearts
30%
caught
29%
loud
29%
reveries
29%
shone
29%
No matching quizzes found
Score Distribution
Percent of People with Each Score
Percentile by Number Answered
Your Score History
You have not taken this quiz